000 00963nam0a22003011 4500
001 rc\79107
005 20211209143753.0
010 _a5-02-017088-7
_91200
035 _a(NLR Aleph) 005349291
090 _a6779046
_c6779046
100 _a20021216d1991 u |0rusy50 ca
101 0 _arus
102 _aRU
105 _aa |||||||||
200 1 _aЕгипет и Кушанское царство
_e(Торг. и культ. контакты)
_fАН СССР. Ин-т востоковедения
210 _aМ.
_cНаука
_d1991
215 _a191, [2] с., [4] л. ил.
_cил.
_d21
300 _aРез.: англ.
320 _aБиблиогр.: с. 177-190
700 1 _aШеркова
_bТ. А.
_gТатьяна Алексеевна
801 0 _aRU
_bNLR
_gpsbo
801 1 _aRU
_bELAR
_2rusmarc
852 _aNLR
_bОЛСАА-сл-спр
_j3-3174
852 _aNLR
_j91-5/985
942 _cBOOK
980 1 _aSL_SPR
980 _aNB